Central Library OPAC University of Rajshahi

দিগন্তহীন / (Record no. 48864)

MARC details
000 -LEADER
fixed length control field 00779nam a2200229 a 4500
001 - CONTROL NUMBER
control field 48864
003 - CONTROL NUMBER IDENTIFIER
rucl marc code BD-RjUL
005 - DATE AND TIME OF LATEST TRANSACTION
control field 20211209054610.0
008 - FIXED-LENGTH DATA ELEMENTS--GENERAL INFORMATION
fixed length control field 160816s1970 bg ||||| |||| 00| p ben d
020 ## - INTERNATIONAL STANDARD BOOK NUMBER
Terms of availability : Tk. 2.00
035 ## - SYSTEM CONTROL NUMBER
System control number (BD-RjUL) 48983
040 ## - CATALOGING SOURCE
Original cataloging agency BD-RjUL
Language of cataloging ben
Transcribing agency BD-RjUL
041 ## - LANGUAGE CODE
Language code of text/sound track or separate title ben
082 ## - DEWEY DECIMAL CLASSIFICATION NUMBER
Edition number 23
Classification number 891.441
Author mark and year BED 1970
100 1# - MAIN ENTRY--PERSONAL NAME
Personal name বেগ, মাহমুদ আলম
9 (RLIN) 147254
245 10 - TITLE STATEMENT
Title দিগন্তহীন /
Statement of responsibility, etc. মাহমুদ আলম বেগ
260 ## - PUBLICATION, DISTRIBUTION, ETC. (IMPRINT)
Place of publication, distribution, etc. ঢাকা :
Name of publisher, distributor, etc. বিশ্ববাদ প্রকাশনা কেন্দ্র,
Date of publication, distribution, etc. ১৯৭০
300 ## - PHYSICAL DESCRIPTION
Pagination ৪৯ পৃ. ;
Size ২১ সেমি.
650 ## - SUBJECT ADDED ENTRY--TOPICAL TERM
Topical term or geographic name as entry element বাংলা কবিতা
9 (RLIN) 147255
Topical term or geographic name as entry element Bengali Poetry
9 (RLIN) 147256
942 ## - ADDED ENTRY ELEMENTS (KOHA)
Source of classification or shelving scheme Dewey Decimal Classification
Koha item type Books
Holdings
Lost status Source of classification or shelving scheme Damaged status Not for loan Collection code Permanent Location Current Location Shelving location Date acquired Source of acquisition Cost, normal purchase price Total Checkouts Full call number Date last seen Copy number Koha item type
  Dewey Decimal Classification     Non-fiction Central Library, University of Rajshahi Central Library, University of Rajshahi   10/09/1973 Nowroze Kitabistan, Dhaka 2.00   B 891.441 BED 1970 16/08/2016 C-2 Books